000 01219nam a2200301Ia 4500
001 ebr10255634
003 CaPaEBR
006 m u
007 cr cn|||||||||
008 010508s2002 si a s 000 0 eng d
020 _z9789810249519
040 _aCaPaEBR
_cCaPaEBR
035 _a(OCoLC)646768502
050 1 4 _aQA76.88
_b.A664 2002eb
245 0 0 _aAnnual review of scalable computing.
_nVolume 4
_h[electronic resource] /
_ceditor Yuen Chung Kwong.
246 1 0 _aScalable computing
260 _aSingapore :
_bSingapore University Press :
_bWorld Scientific,
_cc2002.
300 _axiii, 284 p. :
_bill.
490 1 _aSeries on scalable computing ;
_v4
533 _aElectronic reproduction.
_bPalo Alto, Calif. :
_cebrary,
_d2013.
_nAvailable via World Wide Web.
_nAccess may be limited to ebrary affiliated libraries.
650 0 _aHigh performance computing.
650 0 _aParallel processing (Electronic computers)
655 7 _aElectronic books.
_2local
700 1 _aYuen, C. K.
710 2 _aebrary, Inc.
830 0 _aSeries on scalable computing ;
_v4.
856 4 0 _uhttp://site.ebrary.com/lib/rucke/Doc?id=10255634
_zAn electronic book accessible through the World Wide Web; click to view
999 _c14890
_d14890